Online
Catalog

vivencias de un Presidente / (Record no. 59147)

MARC details
000 -CABECERA
campo de control de longitud fija 02237nam a2200313 i 4500
001 - NÚMERO DE CONTROL
campo de control 000022406
003 - IDENTIFICADOR DEL NÚMERO DE CONTROL
campo de control DO-SdBNP
005 - FECHA Y HORA DE LA ÚLTIMA TRANSACCIÓN
campo de control 20250605095032.0
007 - CAMPO FIJO DE DESCRIPCIÓN FÍSICA--INFORMACIÓN GENERAL
campo de control de longitud fija ta
008 - DATOS DE LONGITUD FIJA--INFORMACIÓN GENERAL
campo de control de longitud fija 250605s1993 dr ac 001 0 spa d
020 ## - NÚMERO INTERNACIONAL ESTÁNDAR DEL LIBRO
Número Internacional Estándar del Libro 9993490903
040 ## - FUENTE DE LA CATALOGACIÓN
Centro catalogador/agencia de origen DO-SdBNP
Lengua de catalogación spa
Centro/agencia transcriptor BNPHU
Normas de descripción rda
041 ## - CÓDIGO DE LENGUA
Código de lengua original sp
082 #4 - NÚMERO DE LA CLASIFICACIÓN DECIMAL DEWEY
Número de clasificación xxx
Número de documento/Ítem S714v
Número de edición 21
100 ## - ENTRADA PRINCIPAL--NOMBRE DE PERSONA
Nombre de persona Soriano Guzmán, Genaro
Término indicativo de función/relación autor
9 (RLIN) 87987
111 2# - ENTRADA PRINCIPAL--NOMBRE DE CONGRESO/REUNIÓN
Nombre de congreso/reunión o jurisdicción como elemento de entrada Seminario sobre la Revolución de 1965.
Fecha del congreso/reunión (22-24 de mayo de 2002 :
Sede del congreso/Lugar de la reunión Santo Domingo, República Dominicana)
9 (RLIN) 6986
245 10 - MENCIÓN DE TÍTULO
Título vivencias de un Presidente /
Mención de responsabilidad, etc. Genao Soriano Guzmán
250 ## - MENCIÓN DE EDICIÓN
Mención de edición Primera edición
264 #2 - PRODUCCIÓN, PUBLICACIÓN, DISTRIBUCIÓN, FABRICACIÓN Y COPYRIGHT
Producción, publicación, distribución, fabricación y copyright Santo Domingo :
Nombre del de productor, editor, distribuidor, fabricante CENAPEC ,
Fecha de producción, publicación, distribución, fabricación o copyright 1993
300 ## - DESCRIPCIÓN FÍSICA
Extensión 123, 27 páginas sin numerar :
Otras características físicas ilustraciones ;
Dimensiones 22 cm.
336 ## - TIPO DE CONTENIDO
Término de tipo de contenido texto
Código de tipo de contenido txt
Fuente rdacontent
337 ## - TIPO DE MEDIO
Nombre/término del tipo de medio sin mediación
Código del tipo de medio n
Fuente rdamedia
338 ## - TIPO DE SOPORTE
Nombre/término del tipo de soporte volumen
Código del tipo de soporte nc
Fuente rdacarrier
505 2# - NOTA DE CONTENIDO CON FORMATO
Título Hoja de vida 21 -- Dedicatoria 23 -- Agradecimientos 25 -- Menciones especiales a los medios de comunicación: TV, Radio y Prensa 27 -- Reconocimientos 29 -- In memoriam 31 -- Pensamientos penetrantes 33 -- Prolegómeno 35 -- Mi llegada a este planeta 37 -- Mi mocedad 38 -- Criterio de mi padre sobre mi profesión a escoger 40 -- Mi adultez 41 -- La plantación Escoto 49 -- Capítulo 1 61 -- Capítulo 2 81 -- Capítulo 3 93 -- Capítulo 4 101 -- Capítulo 5 105 -- Capítulo 6 109 -- Capítulo 7 111 -- Capítulo 8 113 -- Capítulo 9 115 -- Capítulo 10 119 -- Capítulo 11 121 -- Capítulo 12 123 -- Capítulo 13 139 -- Capítulo 14 145 -- Capítulo 15 149 -- Capítulo 16 151 -- Capítulo 17 153 -- Capítulo 18 155 -- Capítulo 19 165 -- Capítulo 20 167 -- Capítulo 21 171 -- Capítulo 22 175 -- Capítulo 23 179 -- Capítulo 24 181 -- Capítulo 25 191 -- Capítulo 26 193 -- Capítulo 27 195 -- Capítulo 28 199 -- Capítulo 29 205 -- Capítulo 30 209 -- Capítulo 31 211 -- Capítulo 32 213 -- Capítulo 33 215 -- Capítulo 34 221 -- Capítulo 35 225 -- Capítulo 36 227 -- Capítulo 37 229 -- Capítulo 38 231 -- Capítulo 39 233 -- Capítulo 40 237 -- Epílogo 653 -- Anexos 665
590 ## - NOTA LOCAL (RLIN)
Nota local Inventariado, 2025/DG
650 #4 - PUNTO DE ACCESO ADICIONAL DE MATERIA--TÉRMINO DE MATERIA
Término de materia o nombre geográfico como elemento de entrada República dominicana
Subdivisión general Historia
Subdivisión cronológica Revolución, 1965
Subdivisión de forma Congresos, conferencias, etc.
9 (RLIN) 46201
910 ## - DATOS DE OPCIÓN DEL USUARIO (OCLC)
Datos de opción del usuario DG
942 ## - ELEMENTOS DE PUNTO DE ACCESO ADICIONAL (KOHA)
Fuente del sistema de clasificación o colocación Dewey Decimal Classification
Tipo de ítem Koha Libro
Holdings
Estado de retiro Estado de pérdida Fuente del sistema de clasificación o colocación Restricciones de uso No para préstamo Código de colección Localización permanente Ubicación/localización actual Ubicación en estantería Fecha de adquisición Fuente de adquisición Total de préstamos Signatura topográfica completa Código de barras Fecha visto por última vez Precio válido a partir de Tipo de ítem Koha
    Dewey Decimal Classification Excluido de préstamo   Patrimonio Dominicano Biblioteca Nacional Pedro Henríquez Ureña Biblioteca Nacional Pedro Henríquez Ureña En catalogación 05.06.2025 donación   BNPHU PD S714v 2025-4908 05.06.2025 05.06.2025 Libro

Powered by Koha